000 00644nam a2200205Ia 4500
003 GCL
008 140319s9999 xx 000 0 ara d
040 _aGCL /
_cGCL
082 0 4 _a531.6
_bم ط
100 1 _aميشيل فرح
245 1 0 _aالطاقة مصادرها وقضاياها /
_cميشيل فرح
260 _a[S.N] :
_bدار الكتب العلمية للنشر والتوزيع ،
_c1981
300 _a306 ص
490 _aالفكر المعاصر
_v0
650 0 4 _aالطاقة
650 0 4 _aالطاقة الشمسية
650 0 4 _aالطاقة النووية
650 0 4 _aمصادر الطاقة
942 _2ddc
_cBK
999 _c37503
_d37503